| 000 | 007800000a22002290004500 | ||
|---|---|---|---|
| 003 | LK-CoMWRAF | ||
| 008 | 230817t2003 ||||| |||| 00| 0 eng d | ||
| 040 |
_aLK-CoMWRAF _dLK-CoMWRAF _eLK-CoMWRAF |
||
| 041 | _aeng | ||
| 082 |
_a355.0213 _bWOM |
||
| 111 |
_aWomen's teach-in _c( London _d8th September 20002) |
||
| 245 |
_aWomen's teach-in: _b antimilitarism, fundamentalisms/secularism and civil liberties & anti-terrorism legislation after September 11th, 2001 |
||
| 260 |
_bLondon: _aWomen Living Under Muslim Laws, _c2003 |
||
| 300 | _a 33 p. ; 21 cm. | ||
| 490 |
_aWLUML occasional paper _vNo.14 |
||
| 650 | _aCIVIL RIGHTS-Congresses | ||
| 650 | _aFeminism | ||
| 650 | _aMilitarism | ||
| 650 | _aTerrorism- Law and legislation | ||
| 650 | _aWomen and peace | ||
| 942 | _cCP | ||
| 999 |
_c623 _d623 |
||